• 首页
  • 本馆介绍
  • 公告通知
  • 最新文献
  • 馆藏检索
  • 电子资源
  • 读者导购
  • 参考咨询
  • 我的图书馆
  • 登录
  • 详细信息显示
  • 放入我的书架
  • 预约/预借图书
  • 作者相关作品
  • 分类相关作品
  • 丛书相关作品
  • 出版社相关作品

书目信息

  • 表格格式
  • 工作单格式
  • 卡片格式
题名:
培养发明创造的24种方法
    
 
作者: 艾迪 , 晏清才 编著
分册:  
出版信息: 成都   四川大学出版社  1998
页数: 10,334页
开本: 20cm
丛书名:
单 册:
中图分类: G305
科图分类: 37.203
主题词: 创造发明--方法
电子资源:
ISBN: 7-5614-1798-5
000 00822nam0 2200253 45
001 0199003188
005 20070729160648.45
010    @a7-5614-1798-5@dCNY18.00
100    @a19990108d1998 em y0chiy0121 ea
101 0  @achi
102    @aCN@b510000
105    @ay z 000yy
200 1  @a培养发明创造的24种方法@Apei yang fa ming chuang zao de 24 zhong fang fa@e知识经济时代的创造教育实践@f艾迪,晏清才编著
210    @a成都@c四川大学出版社@d1998
215    @a10,334页@d20cm
300    @a素质教育创造教育推荐读本
517 1  @a知识经济时代的创造教育实践@Azhi shi jing ji shi dai de chuang zao jiao yu shi jian
606    @a创造发明@x方法
690    @aG305@v4
692    @a37.203@v2
701  0 @a艾迪@Aai di@4编著
701  0 @a晏清才@Ayan qing cai@4编著
801  0 @aCN@bWHC@c20070729
905    @a10447@dG305@e156
    
    培养发明创造的24种方法:知识经济时代的创造教育实践/艾迪,晏清才编著.-成都:四川大学出版社,1998
    10,334页;20cm
    素质教育创造教育推荐读本
    
    ISBN 7-5614-1798-5:CNY18.00
    
●
相关链接 在E读中查询图书 在五车中查询图书 在当当中查询图书 在豆瓣中查询图书


正题名:培养发明创造的24种方法     索取号:G305/156         预约/预借

序号 登录号 条形码 馆藏地/架位号 状态 备注
1 0784990   207849907   第一样本阅览室/ [索取号:G305/156] 在馆    
唐山师范学院图书馆 欢迎您!
大连网信软件有限公司© 版权所有